Phân tích khả năng tiếp cận vốn tín dụng chính thức của hộ nuôi tôm ở tỉnh Trà Vinh : Luận văn Thạc sĩ Kinh tế. Chuyên ngành Kinh tế Nông nghiệp

Nội dung đề tài nghiên cứu phân tích khả năng tiếp cận vốn tín dụng chính thức của hộ nuôi tôm trên địa bàn tỉnh Trà Vinh. Từ kết quả phân tích đề xuất các giải pháp nhằm nâng cao khả năng tiếp cận vốn tín dụng chính thức của hộ nuôi...

Disgrifiad llawn

Wedi'i Gadw mewn:
Manylion Llyfryddiaeth
Prif Awdur: Trương, Thị Phương Thảo
Fformat: Llyfr
Iaith:Undetermined
Cyhoeddwyd: Cần Thơ Trường Đại học Cần Thơ 2013
Pynciau:
Tagiau: Ychwanegu Tag
Dim Tagiau, Byddwch y cyntaf i dagio'r cofnod hwn!
Thư viện lưu trữ: Trung tâm Học liệu Trường Đại học Cần Thơ
LEADER 01298nam a2200217Ia 4500
001 CTU_184979
008 210402s9999 xx 000 0 und d
082 |a 332.7 
082 |b Th108 
088 |a 60620115 
100 |a Trương, Thị Phương Thảo 
245 0 |a Phân tích khả năng tiếp cận vốn tín dụng chính thức của hộ nuôi tôm ở tỉnh Trà Vinh : 
245 0 |b Luận văn Thạc sĩ Kinh tế. Chuyên ngành Kinh tế Nông nghiệp 
245 0 |c Trương Thị Phương Thảo ; Bùi Văn Trịnh (Hướng dẫn khoa học) 
260 |a Cần Thơ 
260 |b Trường Đại học Cần Thơ 
260 |c 2013 
520 |a Nội dung đề tài nghiên cứu phân tích khả năng tiếp cận vốn tín dụng chính thức của hộ nuôi tôm trên địa bàn tỉnh Trà Vinh. Từ kết quả phân tích đề xuất các giải pháp nhằm nâng cao khả năng tiếp cận vốn tín dụng chính thức của hộ nuôi tôm tỉnh Trà Vinh. 
650 |a Tín dụng,Tôm,Hộ gia đình,Credit,Shrimps,Households 
904 |i Thuỳ An, Trúc 
980 |a Trung tâm Học liệu Trường Đại học Cần Thơ